[Event "Niederrhein-ch"]
[Site "Solingen"]
[Date "2019.04.14"]
[Round "3.3"]
[White "Kretzschmar, Michael"]
[Black "Kurr, Gerd"]
[Result "1-0"]
[WhiteElo "2093"]
[BlackElo "2099"]
[PlyCount "63"]
[EventDate "2019.04.12"]
[EventType "swiss"]
[EventRounds "7"]
[EventCountry "GER"]
[SourceTitle "EXT 2022"]
[Source "ChessBase"]
[SourceDate "2021.10.06"]
[SourceVersion "1"]
[SourceVersionDate "2021.10.06"]
[SourceQuality "1"]

1. d4 Nf6 2. Bf4 e6 3. e3 b6 4. Nf3 Bb7 5. Nbd2 Be7 6. Bd3 0-0 7. 0-0 d6 8. Qe2 Nbd7 9. e4 Re8 10. Rfd1 Nf8 11. Bb5 c6 12. Bd3 Ng6 13. Bg3 Nh5 14. Qe3 Qc7 15. e5 Nxg3 16. Bxg6 hxg6 17. hxg3 c5 18. c3 cxd4 19. cxd4 Rac8 20. Rac1 Qxc1 21. Rxc1 Rxc1+ 22. Kh2 Rec8 23. Qa3 a5 24. exd6 Bd8 25. Ne5 f6 26. Nxg6 Kf7 27. d7 Ra8 28. Qd3 Rd1 29. Nf4 Rc1 30. Nc4 Bd5 31. Qg6+ Kg8 32. Nh5 1-0